NLSUI OPAC header image

The arbitration and conciliation act 1996 : (Record no. 13539)

MARC details
000 -LEADER
fixed length control field 00556nam a2200181Ia 4500
005 - DATE AND TIME OF LATEST TRANSACTION
control field 20260409094416.0
008 - FIXED-LENGTH DATA ELEMENTS--GENERAL INFORMATION
fixed length control field 160316s1997 xxu||||| |||| 00| 0 eng d
020 ## - INTERNATIONAL STANDARD BOOK NUMBER
International Standard Book Number 8175340770 (hbk.)
082 ## - DEWEY DECIMAL CLASSIFICATION NUMBER
Classification number 347.09 RAO
100 ## - MAIN ENTRY--PERSONAL NAME
Personal name Rao, P. Chandrasekhara
245 ## - TITLE STATEMENT
Title The arbitration and conciliation act 1996 :
Remainder of title a commentary /
Statement of responsibility, etc. P. Chandrasekhara Rao
260 ## - PUBLICATION, DISTRIBUTION, ETC.
Place of publication, distribution, etc. New :
Name of publisher, distributor, etc. Universal Law Publishing,
Date of publication, distribution, etc. 1997.
300 ## - PHYSICAL DESCRIPTION
Extent ixxxvii, 518 p. ;
Other physical details 23 cm.
365 ## - TRADE PRICE
Price amount Rs.450
650 ## - SUBJECT ADDED ENTRY--TOPICAL TERM
Topical term or geographic name entry element Arbitration and conciliation -- India
700 ## - ADDED ENTRY--PERSONAL NAME
Personal name
--
942 ## - ADDED ENTRY ELEMENTS (KOHA)
Source of classification or shelving scheme Dewey Decimal Classification
Koha item type BOOKs
Holdings
Withdrawn status Lost status Damaged status Not for loan Home library Current library Shelving location Date acquired Cost, normal purchase price Total Checkouts Full call number Barcode Date last seen Price effective from Koha item type
        . . NAB Compactor 30.05.2017 450.00   347.09 RAO 11659 30.05.2017 30.05.2017 BOOKs
        . . Library Compactors 30.05.2017 450.00   347.09 RAO-3 13889 30.05.2017 30.05.2017 BOOKs
        . .   30.05.2017 450.00   347.09 RAO-4 13890 30.05.2017 30.05.2017 BOOKs
        . . NAB Compactor 30.05.2017 450.00   347.09 RAO-5 13891 30.05.2017 30.05.2017 BOOKs